000 01115cam a2200289 a 4500
001 724861
003 ARRUPE
005 20161215080838.0
008 980114r19981982nyu b 001 0 eng
010 _a 98010058
020 _a0814775063 (alk. paper)
040 _aDLC
_cDLC
_dDLC
050 0 0 _aJC585
_b.R69 1998
082 0 0 _a323.44/01
_221
100 1 _aRothbard, Murray Newton,
_d1926-1995.
_928003
245 1 4 _aThe ethics of liberty /
_cMurray N. Rothbard ; with a new introduction by Hans-Hermann Hoppe.
260 _aNew York :
_bNew York University Press,
_cc1998.
300 _axlix, 308 p. ;
_c24 cm.
500 _aOriginally published: Atlantic Highlands, N.J. : Humanities Press, 1982. With new introd.
504 _aIncludes bibliographical references (p. 275-293) and index.
650 0 _aLiberty.
_97967
650 0 _aNatural law.
_93966
650 0 _aEthics.
_928004
906 _a7
_bcbc
_corignew
_d1
_eocip
_f19
_gy-gencatlg
942 _2lcc
_cMONOGRAPH
999 _c125888
_d125888